The investigation of organic reactions

में बचाया:
ग्रंथसूची विवरण
मुख्य लेखक: Ros Stewart
स्वरूप: पुस्तक
भाषा:Undetermined
प्रकाशित: New Jersey Prentice-hall 1966
विषय:
टैग : टैग जोड़ें
कोई टैग नहीं, इस रिकॉर्ड को टैग करने वाले पहले व्यक्ति बनें!
Thư viện lưu trữ: Trung tâm Học liệu Trường Đại học Cần Thơ
LEADER 00500nam a2200181Ia 4500
001 CTU_3189
008 210402s9999 xx 000 0 und d
082 |a 547.139 
082 |b S851 
100 |a Ros Stewart 
245 4 |a The investigation of organic reactions 
245 0 |c Ros Stewart 
260 |a New Jersey 
260 |b Prentice-hall 
260 |c 1966 
650 |a chemical reactions,chemistry, organic 
904 |i Minh, 960903 
980 |a Trung tâm Học liệu Trường Đại học Cần Thơ